Search the Library Catalogue
| 000 -LEADER | |
|---|---|
| fixed length control field | 00715nam a2200157Ia 4500 |
| 008 - FIXED-LENGTH DATA ELEMENTS--GENERAL INFORMATION | |
| fixed length control field | 250728s9999 xx 000 0 und d |
| 020 ## - INTERNATIONAL STANDARD BOOK NUMBER | |
| ISBN | 9781845112035 |
| 082 ## - DEWEY DECIMAL CLASSIFICATION NUMBER | |
| Classification number | 952.1864048 |
| Item number | IYE |
| 100 ## - MAIN ENTRY--AUTHOR NAME | |
| Personal name | Iyer, Pico |
| 245 #4 - TITLE STATEMENT | |
| Title | The Lady and the Monk |
| 260 ## - PUBLICATION, DISTRIBUTION, ETC. (IMPRINT) | |
| Name of publisher | Tauris Parke Paperbacks |
| Year of publication | 2006 |
| 500 ## - GENERAL NOTE | |
| General note | After meeting the well-educated wife of a Japanese "salaryman", Iyer fashions "a beautifully written book about someone looking for ancient dreams in a strange modern place" (LA Times Book Review)--one that is both a portrait of cross cultural infatuation--and misunderstanding--and a fresh way of seeing the old and the new Japan. |
| 650 ## - SUBJECT ADDED ENTRY--TOPICAL TERM | |
| Topical Term | Kyoto (Japan) |
| 942 ## - ADDED ENTRY ELEMENTS (KOHA) | |
| Koha item type | English Books |
No items available.